01670nam a2200337 a 4500001001000000003000900010005001700019007000300036008004100039040002500080049000900105082001400114100003500128245015100163260003400314300002800348490003100376490006900407590002600476700004100502710005100543830003800594830006800632942001400700952011900714952011900833952011300952952011901065952013101184999001701315000016393DO-SdBNP20250924073801.0ta100304s1988 dr a 001 0 spa d aDO-SdBNPbspacBNPHU aBNPD 4bC352i2221 aCastillo Díaz, Gineida9769713aLa investigación en la universidad dominicana 1980-1985 :bsituación y perspectivas /cGineida Castillo Díaz , Alejandrina Germán Mejía. aSanto Domingo :bUASD,c1988. a270 p. :bil. ;c21 cm.1 aEducación y sociedadv351 aPublicaciones de la Universidad Autónoma de Santo Domingov599 aInventariado, 2022/BT1 aGermán Mejía, Alejandrina9365561 aUniversidad Autónoma de Santo Domingo972951 0aEducación y sociedadn35936557 aPublicaciones de la Universidad Autónoma de Santo Domingo952 2ddccLBS1 00102ddc56708DSaBNPHUbBNPHUcHDd2015-06-16l0oBNPHU DS C352ip16393-30r2020-06-25te. 3w2020-06-25yLBS1 00102ddc56708DSaBNPHUbBNPHUcHDd2015-07-03l0oBNPHU DS C352ip16393-40r2020-06-25te. 4w2020-06-25yLBS1 00102ddc56708PDaBNPHUbBNPHUcHDd2010-03-04l0oBNPHU PD C352ip16393-10r2020-06-25w2020-06-25yLBS1 00102ddc53708PDaBNPHUbBNPHUcHDd2010-03-04l0oBNPHU PD C352ip16393-20r2020-06-25te. 2w2020-06-25yLBS1 00102ddc56708DSaBNPHUbBNPHUcCTd2022-04-01eDonaciónl0oBNPHU DS C352ip2022-1071r2022-04-01te.5w2022-04-01yLBS1 c15928d15928